Los siete saberes necesarios para la educación del futuro

Saved in:
Bibliografiske detaljer
Hovedforfatter: Morin, Edgar (autor)
Format: Bog
Sprog:spansk
Udgivet: Buenos Aires Nueva Visión 2001
Udgivelse:1a. ed
Fag:
Tags: Tilføj Tag
Ingen Tags, Vær først til at tagge denne postø!

MARC

LEADER 00000nam a2200000 a 4500
001 UCK6013
003 CL-VaPUC
008 050902e20010000AG |||||||||||||||||spa|d
020 |a 9506024227 
082 0 4 |a 370.1  |b MOR  |2 21 
100 |a Morin, Edgar  |e autor  |9 459920 
245 1 4 |a Los siete saberes necesarios para la educación del futuro 
250 |a 1a. ed 
300 |a 122 p 
942 |c BK 
945 |d 20050902 00:00:00  |a cmena 
260 |a Buenos Aires  |b Nueva Visión  |c 2001 
650 0 |a Filosofía de la educación   |9 258384 
650 0 |a Planificación de la educación   |9 307333 
650 0 |a Reforma educacional   |9 256319 
650 0 |a Cambio social   |9 256857 
583 |a last modification  |c 20050902 00:00:00  |k Rodrigo Vera 
999 |c 314409  |d 314407 
952 |0 0  |1 0  |4 0  |6 370_100000000000000_MOR_2001  |7 0  |8 A  |9 386673  |a BIBEDU  |b BIBEDU  |d 2019-11-22  |i 4155424  |o 370.1 MOR 2001  |p 4155424  |r 2019-11-22  |w 2019-11-22  |y BK  |k EBA